| 000 | 01221cab a2200301 4500 | ||
|---|---|---|---|
| 001 | ABS56228 | ||
| 008 | 090401t1996 xxu||||| |||| 00| 0 eng d | ||
| 035 | _a(Sirsi) u22063 | ||
| 041 | _aeng | ||
| 100 | _aSmith, Peter F. | ||
| 245 | 4 | _aThe occupation question revisited | |
| 260 | _c1996 | ||
| 350 | _a0 | ||
| 490 |
_aRent Review & Lease Renewal _v16(4) 1996, 7-14(8) |
||
| 520 | _aRe-examines through "Graysim Holdings Ltd v P&O Property Holdings Ltd" (HL ABS54198) the requirement of `occupation` of business premises by a tenant before they are able to claim a statutory renewal right. The court`s decision that a tenant loses any right to renewal if they sublet the operative parts of premises that are then used for business purposes, simplifies the law, but leaves questions of to what degree a tenant sublets. | ||
| 650 | _aBUSINESS TENANCIES | ||
| 650 | _aGRAYSIM HOLDINGS LTD V P&O PROPERTY HOLDINGS LTD | ||
| 650 | _aLANDLORD AND TENANT ACT 1954 | ||
| 650 | _aLEASE RENEWAL | ||
| 650 | _aLEASES | ||
| 650 | _aNEW TENANCY | ||
| 650 | _aOCCUPATION | ||
| 650 | _aRENEWAL | ||
| 650 | _aSUBLETTING | ||
| 690 | _aLANDLORD AND TENANT-BUSINESS TENANCIES | ||
| 942 | _n0 | ||
| 948 | _c04/03/1997 | ||
| 999 |
_c14775 _d14775 |
||